How much does higher education cost? (Record no. 20364)

MARC details
000 -LEADER
fixed length control field 00923cam a22002771 4500
001 - CONTROL NUMBER
control field e 20000358
003 - CONTROL NUMBER IDENTIFIER
control field DLC
005 - DATE AND TIME OF LATEST TRANSACTION
control field 20260227111211.0
008 - FIXED-LENGTH DATA ELEMENTS--GENERAL INFORMATION
fixed length control field 960611s1920 dcua 000 0 eng c
010 ## - LIBRARY OF CONGRESS CONTROL NUMBER
LC control number e 20000358
035 ## - SYSTEM CONTROL NUMBER
System control number (OCoLC)34912006
040 ## - CATALOGING SOURCE
Original cataloging agency U.S. Bur. of Education
Transcribing agency MoU
Modifying agency DLC
042 ## - AUTHENTICATION CODE
Authentication code premarc
050 00 - LIBRARY OF CONGRESS CALL NUMBER
Classification number L111
Item number .A56 no. 17
051 ## - LIBRARY OF CONGRESS COPY, ISSUE, OFFPRINT STATEMENT
Classification number LB2342
Item number .S8
051 ## - LIBRARY OF CONGRESS COPY, ISSUE, OFFPRINT STATEMENT
Copy information 2d set.
100 1# - MAIN ENTRY--PERSONAL NAME
Personal name Stevens, Edwin Bicknell.
245 00 - TITLE STATEMENT
Title How much does higher education cost?
Statement of responsibility, etc. By Edwin B. Stevens ...
260 ## - PUBLICATION, DISTRIBUTION, ETC.
Place of publication, distribution, etc. [Washington,
Name of publisher, distributor, etc. Govt. Print. Off.,
Date of publication, distribution, etc. 1920]
300 ## - PHYSICAL DESCRIPTION
Extent 30 p.
Other physical details tables, diagrs.
Dimensions 23 cm.
490 0# - SERIES STATEMENT
Series statement United States. Bureau of Education. Higher education circular
Volume/sequential designation no. 17. August, 1919
500 ## - GENERAL NOTE
General note Caption title.
500 ## - GENERAL NOTE
General note At head of title: Department of the interior. Bureau of education, Washington.
650 #0 - SUBJECT ADDED ENTRY--TOPICAL TERM
Topical term or geographic name entry element Education
Geographic subdivision United States.
650 #0 - SUBJECT ADDED ENTRY--TOPICAL TERM
Topical term or geographic name entry element Education, Higher.

No items available.

Powered by Koha